| 000 | 00360nam a22001337a 4500 | ||
|---|---|---|---|
| 082 |
_a297.642 _bKHU _cL-31,p61 |
||
| 100 |
_aKhurram Murad _937494 |
||
| 245 |
_aThe persecutor comes home _cKhurram Murad |
||
| 260 |
_aIslamabad: _bBook promoters. _c1985 |
||
| 300 | _a39p. | ||
| 526 |
_a0 _b0 _c0 _d297_642000000000000_KHU |
||
| 650 |
_aMCE _9379 |
||
| 942 |
_2ddc _cBK |
||
| 999 |
_c542361 _d542361 |
||